[Event "Doeberl Cup Major 48th"]
[Site "Canberra"]
[Date "2010.04.04"]
[Round "6"]
[White "Palma, Mario"]
[Black "Bonning, James"]
[Result "1/2-1/2"]
[WhiteElo "1575"]
[BlackElo "1626"]
[PlyCount "47"]
[EventDate "2010.04.02"]
[EventType "swiss"]
[EventRounds "7"]
[EventCountry "AUS"]
[SourceTitle "EXT 2012"]
[Source "ChessBase"]
[SourceDate "2011.11.24"]
[SourceVersion "1"]
[SourceVersionDate "2011.11.24"]
[SourceQuality "1"]

1. d4 Nf6 2. c4 e5 3. dxe5 Ng4 4. e4 Nxe5 5. f4 Ng6 6. Be3 Bb4+ 7. Nd2 d6 8. a3 Bxd2+ 9. Qxd2 0-0 10. Nf3 Bg4 11. f5 Bxf3 12. gxf3 Ne5 13. Qg2 Qh4+ 14. Kd2 Qf6 15. Kc2 Nec6 16. Rd1 h6 17. h4 Nd7 18. Bg5 Qe5 19. f4 Nd4+ 20. Kb1 Qc5 21. Bxh6 Nxf5 22. exf5 Qxf5+ 23. Bd3 Qf6 24. Rhg1 1/2-1/2

[Event "AUS-ch Major"]
[Site "Cammeray"]
[Date "2010.01.09"]
[Round "7"]
[White "Palma, Mario"]
[Black "Barcelona, Eliel"]
[Result "1-0"]
[WhiteElo "1529"]
[BlackElo "1435"]
[PlyCount "85"]
[EventDate "2010.01.02"]
[EventType "swiss"]
[EventRounds "11"]
[EventCountry "AUS"]
[SourceTitle "EXT 2011"]
[Source "ChessBase"]
[SourceDate "2010.11.26"]
[SourceVersion "1"]
[SourceVersionDate "2010.11.26"]
[SourceQuality "1"]

1. d4 d5 2. c4 e5 3. e3 exd4 4. exd4 Nf6 5. Nf3 Bb4+ 6. Bd2 Qe7+ 7. Be2 Bg4 8. 0-0 0-0 9. Re1 Bxd2 10. Qxd2 Ne4 11. Qc2 c6 12. Nc3 Nxc3 13. bxc3 Nd7 14. Bd3 Qf6 15. Bxh7+ Kh8 16. Ne5 Nxe5 17. dxe5 Qh6 18. Bf5 Qg5 19. Bxg4 Qxg4 20. Re3 g6 21. Qd2 Kg7 22. cxd5 cxd5 23. Qxd5 Rad8 24. Qf3 Qxf3 25. Rxf3 Rd2 26. g3 Rfd8 27. a4 Rd1+ 28. Rxd1 Rxd1+ 29. Kg2 Ra1 30. Rf4 Ra3 31. Rc4 Kf8 32. h4 Ke7 33. f4 Ke6 34. Kh3 Kd5 35. Rc7 Rxa4 36. Rxb7 Kc6 37. Rxf7 a5 38. Rf6+ Kb5 39. Rxg6 Rc4 40. e6 a4 41. e7 Re4 42. Rg5+ Kb6 43. Re5 1-0

[Event "AUS-ch Major"]
[Site "Cammeray"]
[Date "2010.01.03"]
[Round "2"]
[White "Palma, Mario"]
[Black "Davis, Tony J"]
[Result "1/2-1/2"]
[WhiteElo "1529"]
[BlackElo "1816"]
[PlyCount "91"]
[EventDate "2010.01.02"]
[EventType "swiss"]
[EventRounds "11"]
[EventCountry "AUS"]
[SourceTitle "EXT 2011"]
[Source "ChessBase"]
[SourceDate "2010.11.26"]
[SourceVersion "1"]
[SourceVersionDate "2010.11.26"]
[SourceQuality "1"]

1. d4 d5 2. c4 Nc6 3. Nf3 Bg4 4. e3 e5 5. dxe5 dxc4 6. Qxd8+ Rxd8 7. Bxc4 Nxe5 8. Be2 Nd3+ 9. Bxd3 Rxd3 10. Nbd2 Rd8 11. h3 Be6 12. Nd4 Bd5 13. 0-0 a6 14. Re1 Bb4 15. a3 Bxd2 16. Bxd2 Ne7 17. e4 Bc4 18. Bc3 0-0 19. Re3 c5 20. Nf3 f6 21. b4 b6 22. bxc5 bxc5 23. Ba5 Rd3 24. Rc1 Rxe3 25. fxe3 Bd3 26. Rxc5 Bxe4 27. Kf2 Rb8 28. Bc3 Nd5 29. Bd4 Rd8 30. Nd2 Bd3 31. Nb3 Bb5 32. Na5 Nf4 33. Nb7 Nd3+ 34. Kf3 Rb8 35. Rc7 Rxb7 36. Rxb7 Bc6+ 37. Ke2 Nc1+ 38. Kd2 Bxb7 39. Kxc1 Bxg2 40. h4 Kf7 41. Kd2 Kg6 42. Ke2 Kf5 43. Kf2 Bc6 44. Kg3 h5 45. Bc5 g5 46. Be7 1/2-1/2

[Event "Doeberl Cup Major 47th"]
[Site "Canberra"]
[Date "2009.04.12"]
[Round "6"]
[White "Bennett, Calvin"]
[Black "Palma, Mario"]
[Result "1-0"]
[WhiteElo "1606"]
[BlackElo "1422"]
[PlyCount "55"]
[EventDate "2009.04.10"]
[EventType "swiss"]
[EventRounds "6"]
[EventCountry "AUS"]
[SourceTitle "CBM 129 Extra"]
[Source "ChessBase"]
[SourceDate "2009.05.05"]
[SourceVersion "2"]
[SourceVersionDate "2009.05.20"]
[SourceQuality "1"]

1. d4 Nf6 2. c4 e6 3. Nf3 c5 4. e3 b6 5. Be2 Bb7 6. Nc3 cxd4 7. exd4 Bb4 8. 0-0 Bxc3 9. bxc3 Ne4 10. Ba3 Nxc3 11. Qc2 Nxe2+ 12. Qxe2 d6 13. d5 e5 14. Nxe5 0-0 15. Ng4 Re8 16. Qf3 Qc7 17. Qg3 Rd8 18. Nh6+ Kh8 19. Nf5 f6 20. Bxd6 Qd7 21. Be7 Rg8 22. Nh4 Re8 23. Rae1 Rxe7 24. Rxe7 Qxe7 25. Nf5 Qf8 26. Re1 Nd7 27. Re7 Re8 28. Rxe8 1-0